000 00733cam a22002415i 4500
001 2444
005 20250828152547.0
020 _a9780545731270
040 _aDLC
_beng
_erda
_cDLC
050 _aPQ8097.N4
082 _a861.62
100 1 _aBrown, Monica
_eauthor
245 1 0 _aPablo Neruda: poet of the people
_cMonica Brown
250 _aPrinted in the U.S.A
300 _a32 unnumbered pages :
_bColor illustrations ;
_c29 cm
505 _aR
520 _aDescribes the life and times of the Nobel Prize-winning Chilean poet.
521 _a740 AD
_bLexile
521 _aR
_bRaz-Plus
700 1 _aPaschkis, Julie
_eillustrator
906 _a0
_bibc
_corignew
_d2
_eepcn
_f20
_gy-gencatlg
942 _2ddc
_cBK
_n0
999 _c2444
_d2444